Debate

محفوظ في:
التفاصيل البيبلوغرافية
مؤلفون آخرون: Davidson, Sara, Brabant, Koenraad van, Martin, Randolph
التنسيق: نص
الوسوم: إضافة وسم
لا توجد وسوم, كن أول من يضع وسما على هذه التسجيلة!

MARC

LEADER 00000 a a2200000 04500
001 48465
003
040
245 |a Debate  
700 |a Davidson, Sara,  
700 |a Brabant, Koenraad van,  
700 |a Martin, Randolph  
773 |g número5, (1999), páginas 32-33  
999 |c 25088  |d 25088